000 00845nam a2200253Ia 4500
003 OSt
005 20220925204834.0
006 a|||||r|||| 00| 0
007 ta
008 220923b |||||||| |||| 00| 0 eng d
037 _cGeneral Book
040 _aRTL
_cRTL
_beng
041 _2eng
_aeng
082 _aY15:47.1(X).N5, M2
100 _aJayawardena Kumari
_9146356
245 0 _aFeminisim and nationalism in the third world in third world in the 19th and early 20th centuries
260 _aHague
_bISS
_c1982
300 _aiv,204p
_ccm.
490 _aInstitute of Social Studies Publication. History of Women's Movement: A Lecture Series Pt II
500 _aBibliography: p 199-204
650 _aWomen Sociology
942 _hY15:47.1(X).N5, M2
_cGB
_2CC
999 _c550557
_d550557